Same Popularity 2012-13: Girls Quiz Stats

 Plays Quiz not verified by Sporcle

Score 0/18 Timer 05:00
0 Plays Today
% Correct
Ava
85.7%
Emma
82.9%
Madison
80%
Lucy
77.1%
Sophia
74.3%
Elizabeth
74.3%
Anna
71.4%
Leah
68.6%
Aaliyah
54.3%
% Correct
Natalia
54.3%
Josephine
31.4%
Valerie
22.9%
Rylee
20%
Phoebe
17.1%
Mallory
17.1%
Kaylen
14.3%
Karsyn
11.4%
Makena
11.4%

You're not logged in!

Compare scores with friends on all Sporcle quizzes.
OR
Log In

Sporcle TV

Today on Sporcle TV


Watch our educational content, quiz creation guides, and fun videos on Sporcle TV.

Show Comments

Extras

Top Quizzes Today


Score Distribution

Your Account Isn't Verified!

In order to create a playlist on Sporcle, you need to verify the email address you used during registration. Go to your Sporcle Settings to finish the process.

Report this User

Report this user for behavior that violates our Community Guidelines.

Details: